Lab Experiment on Textile Chemical Processing (Record no. 6804)

MARC details
000 -LEADER
fixed length control field 00304nam a2200121Ia 4500
008 - FIXED-LENGTH DATA ELEMENTS--GENERAL INFORMATION
fixed length control field 191201s2003 xx 000 0 und d
100 ## - MAIN ENTRY--PERSONAL NAME
Personal name MISHRA,S.P
245 #0 - TITLE STATEMENT
Title Lab Experiment on Textile Chemical Processing
260 ## - PUBLICATION, DISTRIBUTION, ETC. (IMPRINT)
Date of publication, distribution, etc 2003
Name of publisher, distributor, etc NCUTE-IIT DELHI
300 ## - PHYSICAL DESCRIPTION
Extent 110
650 ## - SUBJECT ADDED ENTRY--TOPICAL TERM
Topical term or geographic name as entry element B.Tech(TE)
942 ## - ADDED ENTRY ELEMENTS (KOHA)
Source of classification or shelving scheme Dewey Decimal Classification
Koha item type Text Books
Holdings
Withdrawn status Lost status Source of classification or shelving scheme Damaged status Not for loan Collection code Home library Current library Date acquired Source of acquisition Bill Number Total Checkouts Full call number Acc. no. / Barcode Date last seen Bill Date Koha item type Public note
    Dewey Decimal Classification     B.Tech(TE) PIET C-LIBRARY PIET C-LIBRARY 21/07/2020 NCUTE IIT Delhi Donated by Textile HOD Subsash sis Pal   677.07 MIT 30404 04/12/2019 04/01/2019 Text Books Donated by HOD Subashsis Pal
    Dewey Decimal Classification     B.Tech(TE) PIET C-LIBRARY PIET C-LIBRARY 21/07/2020 NCUTE IIT Delhi Donated by Textile HOD Subsash sis Pal   677.028 MIL 30405 04/12/2019 04/01/2019 Text Books Donated by HOD Subashsis Pal
    Dewey Decimal Classification     B.Tech(TE) PIET C-LIBRARY PIET C-LIBRARY 21/07/2020 NCUTE IIT Delhi Donated by Textile HOD Subsash sis Pal   677.028 MIL 30406 04/12/2019 04/01/2019 Text Books Donated by HOD Subashsis Pal

Design & Developed by: PIET Central Library
R70 Miles Stone Pattikalyana Samalkha Panipat 132102
mail ID :- [email protected], Phone No:- 0180-2569700 Ex.216